000
00354nam a2200133Ia 4500
008
151001s9999||||xx |||||||||||||| ||und||
100
_a
हरी नारायण आपटे
245
_a
गणपतराव
250
_a
3
260
_b
आर्यभूषण मुद्रणालय
260
_c
1965
300
_a
160
365
_b
8.5
999
_c
953877
_d
953874